000 00559nam a2200193 i 4500
001 145990
003 ES-MaACL
005 20230906201358.0
007 t|
008 071018s1950 au ||||1| ger d
100 1 _aVerdross, Alfred.
_9114042
245 1 0 _aVölkerrecht /
_cvon Alfred Verdross.
260 _aWien :
_bSpringer Verlag,
_c1950.
300 _aXVIII, 508 p. ;
_c24 cm.
490 1 _aRechts-ünd Staatswissenschaften
830 0 _aRechts-ünd Staatswissenschaften
_9220806
852 _aES-MaACL
_jD-7150
_bR.31631
999 _c145990
_d145990